[Event "SuperGM"]
[Site "Sarajevo BIH"]
[Date "2000.05.26"]
[Round "9"]
[White "Gurevich, Mikhail"]
[Black "Topalov, Veselin"]
[Result "0-1"]
[WhiteElo "2694"]
[BlackElo "2702"]
[EventDate "2000.05.17"]

1.c4 g6 2.Cc3 Fg7 3.g3 e5 4.Fg2 f5 5.d4 exd4 6.Cb5 Cc6 7.Cf3 Cf6 8.Ff4 d6 
9.Cfxd4 Cxd4 10.Dxd4 O-O 11.c5 Ce4 12.Dc4+ d5 13.Db4 a5 14.Da3 Tf7 15.Td1 
g5 16.Fe3 De8 17.Cc3 Cxc3 18.bxc3 f4 19.gxf4 gxf4 20.Fd4 Fg4 21.O-O Ta6 
22.f3 Ff5 23.Tf2 Tg6 24.Rf1 Fxd4 25.Txd4 Tfg7 26.Txd5 Fh3 27.Db3 Rh8 28.
Dd1 Fxg2+ 29.Re1 Fh3 30.Dd4 Tg1+ 31.Rd2 De3+ 32.Dxe3 fxe3+ 33.Rxe3 Fe6 34.
Td4 T7g5 35.Te4 Fg8 36.f4 Txc5 37.f5 Rg7 38.f6+ Rg6 39.Te7 Ff7 40.Rd4 Tc4+
41.Rd3 Tc6 0-1

[Event "SuperGM"]
[Site "Sarajevo BIH"]
[Date "2000.05.27"]
[Round "10"]
[White "Bareev, Evgeny"]
[Black "Topalov, Veselin"]
[Result "1/2-1/2"]
[WhiteElo "2709"]
[BlackElo "2702"]
[EventDate "2000.05.17"]

1.d4 Cf6 2.c4 c5 3.d5 b5 4.Cf3 g6 5.cxb5 a6 6.Dc2 axb5 7.e4 Da5+ 8.Fd2 Da4
9.Dxa4 bxa4 10.Cc3 Fg7 11.e5 Cg4 12.Ff4 f6 13.exf6 Cxf6 14.a3 O-O 15.O-O-O
d6 16.Te1 Ta7 17.Fb5 Fa6 18.Fxa4 Fc4 19.Fg5 Cxd5 20.Fb5 Fxb5 21.Cxd5 Fc4 
22.Txe7 Ta6 23.Td1 Cc6 24.Tb7 Ca5 25.Tb6 Cb3+ 26.Rc2 Cd4+ 27.Cxd4 Txf2+ 
28.Td2 Txd2+ 29.Rxd2 Fxd4 30.Tb8+ Rf7 31.Tb7+ Rg8 32.Tb8+ Rf7 33.Tb7+ Rg8 
34.Cf6+ Fxf6 35.Fxf6 h5 36.Tg7+ Rf8 37.Txg6 Rf7 38.Th6 d5 39.Fg5 Txh6 40.
Fxh6 Ff1 41.g3 d4 42.a4 Re6 43.Re1 Fd3 44.Rf2 Rd5 45.Rf3 c4 46.Fd2 c3 
1/2-1/2

[Event "SuperGM"]
[Site "Sarajevo BIH"]
[Date "2000.05.29"]
[Round "11"]
[White "Topalov, Veselin"]
[Black "Sokolov, Ivan"]
[Result "1/2-1/2"]
[WhiteElo "2702"]
[BlackElo "2637"]
[EventDate "2000.05.17"]

1.Cf3 Cf6 2.c4 e6 3.Cc3 d5 4.d4 Cbd7 5.cxd5 exd5 6.Fg5 Fe7 7.e3 c6 8.Dc2 
Ch5 9.Fxe7 Dxe7 10.h3 Cb6 11.O-O-O g6 12.g4 Cg7 13.Ce5 f6 14.Cd3 Fe6 15.
Te1 O-O-O 16.Ca4 Cxa4 17.Dxa4 Rb8 18.Fe2 Ff7 19.Db4 Dxb4 20.Cxb4 h5 21.Cd3
hxg4 22.hxg4 g5 23.f4 gxf4 24.Cxf4 Tdg8 25.Ch5 Ce8 26.Thf1 Fe6 27.Cxf6 
1/2-1/2

[Event "Masters"]
[Site "Frankfurt GER"]
[Date "2000.06.22"]
[Round "1"]
[White "Van Wely, Loek"]
[Black "Topalov, Veselin"]
[Result "0-1"]
[WhiteElo "2646"]
[BlackElo "2702"]
[EventDate "2000.06.22"]

1.Cf3 c5 2.c4 g6 3.d4 Fg7 4.e4 d6 5.Cc3 Da5 6.d5 Fxc3+ 7.bxc3 Cf6 8.Cd2 
Dxc3 9.Tb1 Cxe4 10.Fb2 Dxd2+ 11.Dxd2 Cxd2 12.Fxh8 Cxb1 13.Fd3 f6 14.Fxb1 
Rf7 15.Rd2 Ff5 16.Fxf5 gxf5 17.Te1 Cd7 0-1

[Event "Masters"]
[Site "Frankfurt GER"]
[Date "2000.06.22"]
[Round "2"]
[White "Topalov, Veselin"]
[Black "Rublevsky, Sergei"]
[Result "1/2-1/2"]
[WhiteElo "2702"]
[BlackElo "2662"]
[EventDate "2000.06.22"]

1.d4 d5 2.Cf3 e6 3.g3 c5 4.c4 dxc4 5.Da4+ Cc6 6.dxc5 Fxc5 7.Fg2 Da5+ 8.
Dxa5 Cxa5 9.Cbd2 Ce7 10.Ce4 Fb4+ 11.Fd2 Cec6 12.O-O Fxd2 13.Cfxd2 Re7 14.
Tfc1 Fd7 15.Cxc4 Cxc4 16.Txc4 Tac8 17.Td1 Ce5 18.Tcd4 Fc6 19.Cd6 Tcd8 20.
Fxc6 Cxc6 21.T4d2 b6 22.f4 g6 23.Rf2 e5 24.e3 f6 25.a3 Re6 26.b4 Td7 27.
Ce4 Txd2+ 28.Txd2 Td8 29.Tc2 Tc8 30.g4 exf4 31.exf4 Ce7 32.Te2 Cd5 33.Cc3+
Rd6 34.Cb5+ Rd7 35.Td2 Re6 36.Te2+ Rd7 37.Td2 Re6 38.Te2+ Rd7 39.Td2 Tc4 
1/2-1/2

[Event "Masters"]
[Site "Frankfurt GER"]
[Date "2000.06.22"]
[Round "3"]
[White "Bareev, Evgeny"]
[Black "Topalov, Veselin"]
[Result "1-0"]
[WhiteElo "2709"]
[BlackElo "2702"]
[EventDate "2000.06.22"]

1.c4 c5 2.g3 g6 3.Fg2 Fg7 4.Cc3 Cc6 5.a3 d6 6.Cf3 Cf6 7.O-O O-O 8.d3 Fd7 
9.Tb1 Tb8 10.b4 b6 11.b5 Cd4 12.Cxd4 cxd4 13.Ca2 h5 14.Cb4 h4 15.Da4 hxg3 
16.hxg3 Ta8 17.Cc6 Fxc6 18.Fxc6 Dc7 19.Fxa8 Txa8 20.Rg2 Te8 21.f3 Db7 22.
Dc2 Cg4 23.Th1 f5 24.Rg1 Cf6 25.Dd2 e5 26.Dg5 Df7 27.Dh4 f4 28.Fd2 Ch5 29.
g4 Ff6 30.Dh3 Cg3 31.Th2 Dg7 32.a4 Fg5 33.a5 Rf7 34.axb6 axb6 35.Ta1 Rf6 
36.Rf2 1-0

[Event "Masters"]
[Site "Frankfurt GER"]
[Date "2000.06.22"]
[Round "4"]
[White "Topalov, Veselin"]
[Black "Jussupow, Artur"]
[Result "1-0"]
[WhiteElo "2702"]
[BlackElo "2628"]
[EventDate "2000.06.22"]

1.d4 Cf6 2.c4 e6 3.Cf3 d5 4.Cc3 Cbd7 5.cxd5 exd5 6.Fg5 Fe7 7.e3 O-O 8.Fd3 
Te8 9.Dc2 Cf8 10.h3 Fe6 11.O-O c6 12.a3 Tc8 13.b4 C6d7 14.Ff4 Cg6 15.Fg3 
Cdf8 16.Ca4 Fd6 17.Fxd6 Dxd6 18.Cc5 Tc7 19.Tac1 Fc8 20.Tfe1 Df6 21.Dd1 Ce6
22.Cxe6 Fxe6 23.b5 Tec8 24.bxc6 Txc6 25.Txc6 Txc6 26.Db3 b6 27.Da4 Tc7 28.
De8+ Cf8 29.Fxh7+ Rxh7 30.Dxf8 Ff5 31.Db8 Tc2 32.h4 Fc8 33.Dxa7 Df5 34.
Dxb6 f6 35.Db1 Fa6 36.e4 Dc8 37.e5 Fd3 38.exf6 gxf6 39.Db6 Df5 40.Db7+ Rh6
41.Db8 Fe4 42.Dh8+ Rg6 43.h5+ Rf7 44.h6 Dg6 45.Ch4 Dg5 46.Dg7+ Dxg7 47.
hxg7 Rxg7 48.f3 Fd3 49.Ta1 Td2 50.a4 Rh6 51.Rh2 Rg5 52.Rg3 f5 53.f4+ Rf6 
54.Cf3 Tb2 55.a5 Fb5 56.Tc1 Fc4 57.Ce5 Tb3+ 58.Rh4 Fb5 59.Tc5 Tb1 60.a6 
Fe2 61.a7 Ta1 62.Tc6+ Re7 63.Tc7+ Rd6 64.Tg7 Fb5 65.Rg5 Re6 66.Tg6+ Re7 
67.Rxf5 Ta2 68.g4 Fa4 1-0

[Event "Masters"]
[Site "Frankfurt GER"]
[Date "2000.06.23"]
[Round "5"]
[White "Ivanchuk, Vassily"]
[Black "Topalov, Veselin"]
[Result "1/2-1/2"]
[WhiteElo "2709"]
[BlackElo "2702"]
[EventDate "2000.06.22"]

1.c4 c5 2.Cf3 g6 3.d4 Fg7 4.e4 d6 5.Cc3 Cc6 6.d5 Cd4 7.Cxd4 cxd4 8.Cb5 Db6
9.c5 dxc5 10.Ff4 Rf8 11.Tc1 a6 12.Fc7 Df6 13.Ca3 b5 14.Txc5 d3 15.Fxd3 
Dxb2 16.Db3 Dxb3 17.axb3 Fd4 18.b4 f5 19.f3 Cf6 20.Cc2 Fxc5 21.bxc5 e6 22.
d6 Cd7 23.c6 Ce5 24.d7 Cxd3+ 25.Re2 Fxd7 26.cxd7 Re7 27.Rxd3 Rxd7 28.Fa5 
Thc8 29.h4 Tc5 30.Ce3 1/2-1/2

[Event "Masters"]
[Site "Frankfurt GER"]
[Date "2000.06.23"]
[Round "6"]
[White "Topalov, Veselin"]
[Black "Adams, Michael"]
[Result "0-1"]
[WhiteElo "2702"]
[BlackElo "2715"]
[EventDate "2000.06.22"]

1.d4 Cf6 2.c4 e6 3.Cf3 b6 4.g3 Fa6 5.b3 Fb7 6.Fg2 Fb4+ 7.Fd2 a5 8.O-O O-O 
9.Dc2 d6 10.Cc3 Cbd7 11.Tfe1 Fxc3 12.Fxc3 Fe4 13.Db2 a4 14.Ff1 c5 15.Cd2 
Fb7 16.b4 a3 17.Db3 cxd4 18.Fxd4 e5 19.Fe3 Dc7 20.Tac1 Dc6 21.f3 Da4 22.
Db1 d5 23.Ff2 e4 24.Fd4 Tfe8 25.cxd5 Fxd5 26.f4 e3 27.Cc4 Fe4 28.Da1 Dxb4 
29.Cxe3 b5 30.Fh3 Tad8 31.Ted1 Fa8 32.Tb1 Da4 33.Dc3 Cf8 34.Fe5 Txd1+ 35.
Txd1 Cd5 36.Txd5 Fxd5 37.Fxg7 Txe3 38.Dxe3 Dd1+ 39.Rf2 Rxg7 40.De5+ f6 41.
De7+ Ff7 42.Dxa3 Dd4+ 43.De3 Dxe3+ 44.Rxe3 Fxa2 45.Rd4 Fc4 46.e3 Ce6+ 47.
Rc3 Cc5 48.Ff5 h6 49.h4 Fe6 50.Fc2 Ca6 51.Fd3 b4+ 52.Rd4 Cc7 53.e4 b3 54.
Rc3 Rf8 55.Fe2 Re7 56.g4 Rd6 57.g5 hxg5 58.fxg5 fxg5 59.hxg5 Rc5 60.Rb2 
Rb4 61.g6 Cb5 62.g7 Cc3 63.Fg4 Ca4+ 64.Rb1 Fg8 65.e5 Fh7+ 0-1

[Event "Masters"]
[Site "Frankfurt GER"]
[Date "2000.06.23"]
[Round "7"]
[White "Rabiega, Robert"]
[Black "Topalov, Veselin"]
[Result "1/2-1/2"]
[WhiteElo "2477"]
[BlackElo "2702"]
[EventDate "2000.06.22"]

1.e4 e6 2.d4 d5 3.Cc3 Cf6 4.Fd3 c5 5.Cf3 c4 6.Fe2 dxe4 7.Ce5 Cbd7 8.Cxc4 
Fe7 9.O-O b6 10.d5 exd5 11.Cxd5 Cc5 12.Cxe7 Dxd1 13.Txd1 Rxe7 14.Ff4 Fa6 
15.Fd6+ Re8 16.Fe5 Re7 17.Fd6+ Re8 18.Fe5 Re7 19.a4 Re8 20.Fd6 1/2-1/2

[Event "Masters"]
[Site "Frankfurt GER"]
[Date "2000.06.24"]
[Round "8"]
[White "Topalov, Veselin"]
[Black "Van Wely, Loek"]
[Result "0-1"]
[WhiteElo "2702"]
[BlackElo "2646"]
[EventDate "2000.06.22"]

1.e4 c5 2.Cf3 d6 3.d4 cxd4 4.Cxd4 Cf6 5.Cc3 a6 6.Fe3 e6 7.g4 e5 8.Cf5 g6 
9.g5 gxf5 10.exf5 d5 11.gxf6 d4 12.Fc4 Dc7 13.Dd3 dxe3 14.O-O-O exf2 15.
Fxf7+ Rxf7 16.Dd5+ Rxf6 17.Ce4+ Re7 18.Cd6 Fh6+ 19.Rb1 Rf6 20.Thf1 Tf8 21.
Txf2 Cc6 22.Dc4 Rg7 23.Tg1+ Rh8 24.Tfg2 Fg7 25.Txg7 Dxg7 26.Txg7 Rxg7 27.
Dg4+ Rh8 28.Dg5 Fe6 29.b3 Tad8 30.Dh6 Fxf5 31.Cxb7 Tc8 32.Cd6 Fg6 33.Cxc8 
Txc8 34.Rb2 Cd4 35.c4 Cf5 36.Dg5 Rg7 37.h4 h5 38.Dg2 Te8 39.De4 Ch6 40.
Db7+ Cf7 41.c5 e4 42.Dd7 Te5 43.c6 Ff5 44.Dd1 e3 45.Dg1+ Rf6 46.c7 e2 47.
De1 Fg4 48.b4 Te7 49.Dc3+ Ce5 50.Rb3 Txc7 51.De3 Te7 52.Dxe5+ Rxe5 0-1

[Event "Masters"]
[Site "Frankfurt GER"]
[Date "2000.06.24"]
[Round "9"]
[White "Rublevsky, Sergei"]
[Black "Topalov, Veselin"]
[Result "1-0"]
[WhiteElo "2662"]
[BlackElo "2702"]
[EventDate "2000.06.22"]

1.e4 e6 2.d4 d5 3.Cd2 a6 4.Cgf3 Cf6 5.e5 Cfd7 6.c4 dxc4 7.Fxc4 Cb6 8.Fb3 
Fd7 9.O-O Fc6 10.Te1 Fb4 11.a3 Fxd2 12.Fxd2 Fd5 13.Fc2 Cc6 14.Fe3 De7 15.
Cg5 O-O-O 16.Dh5 Tdf8 17.Ce4 Rb8 18.Cc3 Dd7 19.Tad1 Ce7 20.Cxd5 Cbxd5 21.
Dg4 Cf5 22.Fc1 Tfg8 23.Df3 g5 24.Dh5 h6 25.Fe4 Cg7 26.Df3 Cf5 27.Dh5 Cg7 
28.Df3 Tf8 29.Fd2 f5 30.exf6 Txf6 31.Db3 Cf5 32.Fe3 Thf8 33.Tc1 Df7 34.f3 
Cd6 35.Fd3 g4 36.fxg4 Cxe3 37.Txe3 Tf2 38.Dxe6 Df4 39.De5 Dxg4 40.Tg3 Df4 
41.Dxf4 T8xf4 42.Tf1 Txf1+ 43.Fxf1 Txd4 44.Th3 Td2 45.b4 Cf5 46.g4 Cd4 47.
Txh6 Cf3+ 48.Rh1 b5 49.Th3 Cg5 50.Te3 Tf2 51.Fg2 c5 52.bxc5 Tc2 53.h4 Cf7 
54.Te8+ 1-0

[Event "Masters"]
[Site "Frankfurt GER"]
[Date "2000.06.24"]
[Round "10"]
[White "Topalov, Veselin"]
[Black "Bareev, Evgeny"]
[Result "1-0"]
[WhiteElo "2702"]
[BlackElo "2709"]
[EventDate "2000.06.22"]

1.d4 d5 2.c4 c6 3.Cf3 Cf6 4.Cc3 e6 5.Fg5 h6 6.Fh4 dxc4 7.e4 g5 8.Fg3 b5 9.
Fe2 Fb7 10.Ce5 Cbd7 11.Dc2 Tg8 12.Td1 Cxe5 13.Fxe5 Cd7 14.Fg3 Db6 15.O-O 
a6 16.d5 O-O-O 17.dxe6 fxe6 18.Fg4 c5 19.e5 Fe7 20.Dh7 Tge8 21.Df7 Dc6 22.
Ff3 Dc7 23.Dxe6 Ff6 24.Txd7 Txe6 25.Txc7+ Rxc7 26.exf6+ Rb6 27.Fxb7 Rxb7 
28.f3 Txf6 29.Ce4 Tc6 30.Rf2 Rb6 31.Tc1 Td5 32.Re2 Te6 33.h3 Rc6 34.Ff2 
Tee5 35.g4 Rb6 36.Fe3 Te6 37.Th1 b4 38.h4 a5 39.hxg5 hxg5 40.Th5 a4 41.
Cxg5 a3 42.bxa3 b3 43.axb3 cxb3 44.Cxe6 Txh5 45.Cxc5 Th2+ 46.Rd3 b2 47.
Ca4+ Rc6 48.Cc3 Rd6 49.Ff4+ 1-0

[Event "Masters"]
[Site "Frankfurt GER"]
[Date "2000.06.24"]
[Round "11"]
[White "Jussupow, Artur"]
[Black "Topalov, Veselin"]
[Result "1/2-1/2"]
[WhiteElo "2628"]
[BlackElo "2702"]
[EventDate "2000.06.22"]

1.d4 Cf6 2.c4 e6 3.Cf3 c5 4.e3 a6 5.Cc3 d5 6.cxd5 exd5 7.Fe2 Cc6 8.O-O Fd6
9.dxc5 Fxc5 10.b3 O-O 11.Fb2 Fa7 12.Tc1 Fg4 13.Cd4 Fxd4 14.Fxg4 Fe5 15.Ff3
Dd6 16.g3 Tad8 17.Fg2 Tfe8 18.Te1 h5 19.Dd2 h4 20.f4 Fxc3 21.Dxc3 hxg3 22.
hxg3 De6 23.e4 dxe4 24.Txe4 Df5 25.Txe8+ Txe8 26.Fxc6 bxc6 27.Dxc6 Te6 28.
Da8+ Te8 29.Df3 Cg4 30.Fd4 Dh5 31.Dh1 Da5 32.Dc6 Te1+ 33.Txe1 Dxe1+ 34.Rg2
De2+ 35.Rh3 Ch6 36.a4 Df1+ 37.Dg2 Dd1 38.Da8+ Rh7 39.De4+ f5 40.Dd5 Df1+ 
41.Rh4 Dd1 42.Rh3 Rg6 43.Dc6+ Rh7 44.Dd5 1/2-1/2

[Event "Masters"]
[Site "Frankfurt GER"]
[Date "2000.06.25"]
[Round "12"]
[White "Topalov, Veselin"]
[Black "Ivanchuk, Vassily"]
[Result "1/2-1/2"]
[WhiteElo "2702"]
[BlackElo "2709"]
[EventDate "2000.06.22"]

1.e4 e5 2.Cf3 Cc6 3.Fb5 a6 4.Fa4 Cf6 5.O-O Fe7 6.Te1 b5 7.Fb3 O-O 8.a3 d6 
9.c3 Fe6 10.d4 Fxb3 11.Dxb3 Te8 12.Dc2 Dd7 13.Cbd2 Ff8 14.d5 Ce7 15.Cf1 h6
16.b3 c6 17.c4 Tac8 18.Dd1 cxd5 19.cxd5 Ch7 20.a4 f5 21.Cg3 Cf6 22.axb5 
fxe4 23.Cxe4 Cxe4 24.Txe4 Dxb5 25.Tg4 Rh7 26.Fd2 Dxd5 27.Db1+ Rh8 28.Txa6 
Cc6 29.Taa4 Tb8 30.h3 Dxb3 31.Dxb3 Txb3 32.Ta6 Cb8 33.Ta7 Te7 34.Ta8 Rh7 
35.Ch4 Tf7 36.Cg6 Tbb7 37.Cxf8+ Txf8 38.Tb4 Cc6 39.Txf8 Cxb4 40.Td8 d5 41.
Fxb4 Txb4 42.Txd5 Tb1+ 43.Rh2 Te1 44.Td6 Rg8 45.Td7 Rh7 1/2-1/2

[Event "Masters"]
[Site "Frankfurt GER"]
[Date "2000.06.25"]
[Round "13"]
[White "Adams, Michael"]
[Black "Topalov, Veselin"]
[Result "1-0"]
[WhiteElo "2715"]
[BlackElo "2702"]
[EventDate "2000.06.22"]

1.e4 c5 2.Cf3 d6 3.Fb5+ Cc6 4.O-O Fd7 5.Te1 a6 6.Fxc6 Fxc6 7.d4 cxd4 8.
Cxd4 Cf6 9.Cxc6 bxc6 10.Df3 Dc7 11.e5 dxe5 12.Txe5 e6 13.Te1 Fd6 14.g3 O-O
15.Cd2 Cd7 16.De2 Cb6 17.b3 a5 18.Fb2 a4 19.Dg4 e5 20.Cc4 Cxc4 21.Dxc4 
Tfb8 22.Fc3 Db6 23.Fxe5 Fxe5 24.Txe5 Da6 25.Dxa6 Txa6 26.Td1 g6 27.Td6 
axb3 28.axb3 Rf8 29.Rg2 h5 30.h3 Te8 31.Tc5 Tc8 32.Td4 Re7 33.b4 Td8 34.
Te4+ Rf6 35.Tec4 Td6 36.g4 hxg4 37.hxg4 Te6 38.Rg3 Ta3+ 39.f3 Ta6 40.Rf4 
Rg7 41.c3 Rf6 42.Te4 Td6 43.Re3 Ta1 44.Tec4 Te1+ 45.Rf4 Tee6 46.Te4 Txe4+ 
47.Rxe4 Re6 48.Tc4 Re7 49.Re3 Rf8 50.Td4 Tf6 51.f4 Te6+ 52.Rd3 Te1 53.g5 
Tf1 54.Tc4 Re7 55.Txc6 Txf4 56.Tc5 Rd6 57.Ta5 Tg4 58.Rc2 Rc6 59.Rb3 Tg3 
60.Tc5+ Rb6 1-0

[Event "Masters"]
[Site "Frankfurt GER"]
[Date "2000.06.25"]
[Round "14"]
[White "Topalov, Veselin"]
[Black "Rabiega, Robert"]
[Result "1-0"]
[WhiteElo "2702"]
[BlackElo "2477"]
[EventDate "2000.06.22"]

1.d4 d5 2.c4 Cc6 3.Cf3 Fg4 4.Cc3 e6 5.Ff4 Fb4 6.e3 Cge7 7.Tc1 O-O 8.Fd3 
dxc4 9.Fxh7+ Rh8 10.Fb1 Cd5 11.Fg3 Cce7 12.O-O c6 13.Dc2 Ff5 14.e4 Fg6 15.
Ce5 Fh7 16.Cxc4 Cf6 17.Db3 a5 18.a3 Fxc3 19.bxc3 Cxe4 20.Fxe4 Fxe4 21.Cd6 
Fg6 22.Dxb7 Tb8 23.Cxf7+ 1-0

[Event "TCh-ESP"]
[Site "Barcelona ESP"]
[Date "2000.08.06"]
[Round "2"]
[White "Topalov, Veselin"]
[Black "Campora, Daniel H"]
[Result "1-0"]
[WhiteElo "2707"]
[BlackElo "2526"]
[EventDate "2000.08.05"]

1.Cf3 d5 2.d4 Cf6 3.c4 e6 4.Cc3 Fe7 5.Ff4 O-O 6.e3 c6 7.Fd3 Cbd7 8.c5 Ch5 
9.Fe5 f5 10.b4 a6 11.h3 Cxe5 12.dxe5 f4 13.e4 a5 14.a3 g6 15.O-O b6 16.Ca4
axb4 17.axb4 bxc5 18.Cxc5 Txa1 19.Dxa1 Db6 20.Dd4 Db8 21.Tc1 Td8 22.Dc3 
Cg7 23.Fc2 Fd7 24.Dd4 Fe8 25.exd5 cxd5 26.Dxf4 Db6 27.Fd3 Ta8 28.g4 Fb5 
29.Rg2 Tb8 30.Cd4 Fxd3 31.Cxd3 Fg5 32.Dxg5 Dxd4 33.De3 De4+ 34.Rg3 h5 35.
Dxe4 dxe4 36.Cf4 hxg4 37.hxg4 g5 38.Ch3 Txb4 39.Cxg5 Tb8 40.Cxe4 1-0

[Event "TCh-ESP"]
[Site "Barcelona ESP"]
[Date "2000.08.07"]
[Round "3"]
[White "Vallejo Pons, Francisco"]
[Black "Topalov, Veselin"]
[Result "1-0"]
[WhiteElo "2554"]
[BlackElo "2707"]
[EventDate "2000.08.05"]

1.Cf3 c5 2.c4 g6 3.d4 Fg7 4.e4 d6 5.d5 e6 6.h3 exd5 7.cxd5 Ce7 8.Cc3 O-O 
9.Ff4 h6 10.g4 g5 11.Fe3 Cg6 12.h4 Fxg4 13.hxg5 hxg5 14.Fe2 Fxf3 15.Fxf3 
Cd7 16.Fg4 Cde5 17.Ff5 Te8 18.Dh5 Cd3+ 19.Rd2 Cgf4 20.Dg4 Df6 21.Fxf4 Cxf4
22.Tag1 Dd4+ 23.Rc2 Dxf2+ 24.Rb1 Ff6 25.Th6 Cd3 26.Ce2 Ce5 27.Dh5 Df3 28.
Txg5+ Rf8 29.Txf6 Dd3+ 30.Rc1 Re7 31.Tg3 Th8 32.Te6+ 1-0

[Event "TCh-ESP"]
[Site "Barcelona ESP"]
[Date "2000.08.08"]
[Round "4"]
[White "Topalov, Veselin"]
[Black "Corral Blanco, Juan Antonio"]
[Result "1-0"]
[WhiteElo "2707"]
[BlackElo "2464"]
[EventDate "2000.08.05"]

1.e4 c5 2.Cf3 Cc6 3.d4 cxd4 4.Cxd4 Cf6 5.Cc3 d6 6.Fg5 Da5 7.Fb5 Fd7 8.Cb3 
Dd8 9.Fxf6 gxf6 10.Dh5 Tg8 11.g3 Tg5 12.De2 a6 13.Fd3 e6 14.f4 Tg7 15.Dh5 
Db6 16.O-O-O O-O-O 17.Rb1 Rb8 18.Dh4 Fe8 19.Dxf6 Tg4 20.Dh8 Fg7 21.Dxh7 
Fxc3 22.bxc3 a5 23.Fe2 Tg6 24.f5 Tg5 25.Dh6 Tg8 26.fxe6 Tg6 27.exf7 Txh6 
28.f8=D Te6 29.Df5 Te5 30.Df6 a4 31.Txd6 Txd6 32.Dxd6+ Ra7 33.Fd3 Ff7 34.
Rb2 Ta5 35.Tf1 Fg8 36.h4 axb3 37.axb3 De3 38.Df4 Dc5 39.Df2 Dxf2 40.Txf2 
Fe6 41.Fe2 Te5 42.Tf4 Fg8 43.Fg4 Te7 44.Ff5 Ce5 45.g4 b5 46.h5 Cf7 47.g5 
1-0

[Event "TCh-ESP"]
[Site "Barcelona ESP"]
[Date "2000.08.09"]
[Round "5"]
[White "Rodriguez, Amador"]
[Black "Topalov, Veselin"]
[Result "1/2-1/2"]
[WhiteElo "2477"]
[BlackElo "2707"]
[EventDate "2000.08.05"]

1.e4 d6 2.d4 Cf6 3.Cc3 g6 4.Cf3 c6 5.a4 Fg7 6.h3 O-O 7.Fe3 b6 8.Fe2 Dc7 9.
O-O Cbd7 10.Te1 Td8 11.Dd2 Fb7 12.Fh6 a6 13.Fxg7 Rxg7 14.De3 e5 15.Ff1 b5 
16.dxe5 dxe5 17.b3 h6 18.g3 Cf8 19.Cb1 Ce6 20.c3 Fc8 21.Cbd2 Fd7 22.Ta2 
1/2-1/2

[Event "TCh-ESP"]
[Site "Barcelona ESP"]
[Date "2000.08.10"]
[Round "6"]
[White "Topalov, Veselin"]
[Black "Rodriguez, Orestes"]
[Result "1-0"]
[WhiteElo "2707"]
[BlackElo "2494"]
[EventDate "2000.08.05"]

1.d4 d5 2.c4 e6 3.Cf3 Cf6 4.Cc3 Fb4 5.Fg5 h6 6.Fxf6 Dxf6 7.e3 O-O 8.Tc1 c6
9.Fd3 Cd7 10.O-O De7 11.Dc2 Fd6 12.c5 Fc7 13.e4 dxe4 14.Cxe4 Td8 15.Tfe1 
Cf6 16.Cxf6+ Dxf6 17.b4 Fd7 18.a3 Fe8 19.Dc3 a5 20.g3 b6 21.Te3 Ta7 22.h4 
axb4 23.axb4 Tda8 24.Fc2 g6 25.Rg2 Ta2 26.Td1 bxc5 27.bxc5 Tb8 28.Fb1 Tab2
29.Fe4 Dd8 30.Ta1 T8b4 31.Fc2 Tb5 32.Rg1 Dd5 33.Ta8 Tb8 34.Fe4 Dd8 35.Dxb2
Txa8 36.Tb3 Tb8 37.Rg2 Rf8 38.Txb8 Dxb8 39.Dd2 Rg7 40.Dc3 Rf8 41.De3 Rg7 
42.Dc3 Rf8 43.Ce5 Db5 44.De3 Fxe5 45.dxe5 h5 46.Dd4 Db7 47.Dd6+ Rg7 48.Dd8
Dd7 49.Dxd7 Fxd7 50.Rf3 f6 51.Rf4 Rf7 52.f3 Rg7 53.g4 hxg4 54.fxg4 f5 55.
Fd3 fxg4 56.Rxg4 Rh6 57.Fa6 1-0

[Event "TCh-ESP"]
[Site "Barcelona ESP"]
[Date "2000.08.11"]
[Round "7"]
[White "Garcia Ilundain, David"]
[Black "Topalov, Veselin"]
[Result "1/2-1/2"]
[WhiteElo "2490"]
[BlackElo "2707"]
[EventDate "2000.08.05"]

1.d4 Cf6 2.Cf3 c5 3.c3 b6 4.Fg5 Fb7 5.Cbd2 e6 6.e4 h6 7.Fxf6 Dxf6 8.Fd3 
cxd4 9.cxd4 Cc6 10.e5 Dd8 11.a3 Ce7 12.De2 Cd5 13.g3 Fe7 14.h4 Tc8 15.h5 
Dc7 16.O-O O-O 17.Tae1 f5 18.exf6 Cxf6 19.Ce5 Dd6 20.Cg6 Tfe8 21.De5 Dd5 
22.Cxe7+ Txe7 23.Dxd5 Fxd5 24.Fg6 d6 25.Tc1 Tec7 26.Txc7 Txc7 27.f3 b5 28.
Ce4 Tc6 29.Cc3 Fc4 30.Tc1 Rf8 31.Rf2 Re7 32.Re3 Tb6 33.g4 a5 34.Fd3 Rd7 
35.b3 Fxd3 36.Rxd3 Tb8 37.b4 a4 38.Tg1 1/2-1/2

[Event "TCh-ESP"]
[Site "Barcelona ESP"]
[Date "2000.08.13"]
[Round "9"]
[White "Topalov, Veselin"]
[Black "Narciso Dublan, Marc"]
[Result "1-0"]
[WhiteElo "2707"]
[BlackElo "2507"]
[EventDate "2000.08.05"]

1.Cf3 d5 2.d4 Cf6 3.c4 dxc4 4.e3 a6 5.Fxc4 b5 6.Fd3 Fb7 7.a4 b4 8.Cbd2 
Cbd7 9.O-O e6 10.De2 c5 11.e4 cxd4 12.e5 Cd5 13.Cb3 Cc5 14.Fg5 Dd7 15.
Cfxd4 h6 16.Cxc5 Fxc5 17.Cb3 Fb6 18.Fd2 De7 19.a5 Fa7 20.Tac1 O-O 21.De4 
f5 22.exf6 Txf6 23.Dh7+ Rf7 24.Tc4 Re8 25.Cd4 g5 26.Dxe7+ Rxe7 27.Tfc1 
Taf8 28.Fe3 Cxe3 29.fxe3 Tb8 30.Txb4 Fd5 31.Txb8 Fxb8 32.Tc8 Fd6 33.Fxa6 
e5 34.Cc2 Fe4 35.Fe2 Tf8 36.Txf8 Rxf8 37.Ca3 Re7 38.Rf2 Fc5 39.a6 Rd7 40.
Cc4 Rc7 41.Cxe5 Fc2 42.b4 Fa7 43.b5 Fc5 44.Cf7 Rb6 45.Cxh6 Fg6 46.g4 Fd6 
47.h3 1-0

[Event "XVIII Rapidplay Open"]
[Site "Villarrobledo ESP"]
[Date "2000.08.19"]
[Round "2"]
[White "Topalov, Veselin"]
[Black "Gonzalez Aguirre, Luis"]
[Result "1-0"]
[WhiteElo "2707"]
[BlackElo "2150"]
[EventDate "2000.08.19"]

1.c4 e6 2.Cc3 d5 3.d4 Cf6 4.cxd5 exd5 5.Fg5 Fe7 6.e3 O-O 7.Fd3 c6 8.Cge2 
Cbd7 9.Dc2 Te8 10.O-O-O Cf8 11.h3 Ce4 12.Fxe7 Dxe7 13.Fxe4 dxe4 14.g4 f5 
15.Tdg1 Fe6 16.gxf5 Fxf5 17.Cg3 Fg6 18.h4 h6 19.Cge2 Fh5 20.Cf4 Ff3 21.Th3
Dd7 22.Thg3 Te7 23.Cb1 De8 24.Cd2 Df7 25.Rb1 Df6 26.Cxf3 exf3 27.Ch5 Dxh4 
28.Cxg7 1-0

[Event "XVIII Rapidplay Open"]
[Site "Villarrobledo ESP"]
[Date "2000.08.19"]
[Round "3"]
[White "Danailov, Silvio"]
[Black "Topalov, Veselin"]
[Result "1/2-1/2"]
[WhiteElo "2470"]
[BlackElo "2707"]
[EventDate "2000.08.19"]

1.Cf3 d5 2.g3 Fg4 3.Fg2 Cd7 4.O-O e6 5.d3 Cgf6 6.Cbd2 Fc5 7.e4 Ce5 8.De2 
O-O 9.Cb3 Cxf3+ 10.Fxf3 Fxf3 11.Dxf3 Fe7 12.Te1 c6 13.Fd2 Cd7 14.exd5 cxd5
15.Tad1 Cc5 16.Fc1 Cxb3 17.axb3 Fg5 18.d4 Fxc1 19.Txc1 Df6 20.De3 Tac8 21.
h4 h5 22.c3 a6 1/2-1/2

[Event "XVIII Rapidplay Open"]
[Site "Villarrobledo ESP"]
[Date "2000.08.20"]
[Round "6"]
[White "Topalov, Veselin"]
[Black "Gulko, Boris F"]
[Result "1/2-1/2"]
[WhiteElo "2707"]
[BlackElo "2643"]
[EventDate "2000.08.19"]

1.Cf3 Cf6 2.c4 b6 3.g3 Fb7 4.Fg2 e6 5.O-O Fe7 6.Cc3 O-O 7.Te1 d5 8.cxd5 
exd5 9.d4 Ca6 10.Ff4 c5 11.Tc1 Te8 12.dxc5 Cxc5 13.Cd4 Dd7 14.Dc2 Tac8 15.
Df5 Cce4 16.Dxd7 Cxd7 17.Fh3 Cef6 18.Ccb5 Txc1 19.Txc1 Fc5 20.b4 Fxd4 21.
Cxd4 Tc8 22.Txc8+ Fxc8 23.a4 Fb7 24.f3 g6 25.Cb5 Fc6 26.Cxa7 Fxa4 27.Fe3 
Rf8 28.Rf2 Re8 29.Cc8 b5 30.Ca7 Ce5 31.Fd4 Cfd7 32.f4 Cc4 33.Fg2 Cdb6 34.
Cc6 Rd7 35.Ce5+ Cxe5 36.fxe5 Cc4 37.Fxd5 Re7 38.Fc5+ Re8 39.e6 fxe6 40.
Fxe6 Fb3 41.Fd5 Rd7 42.Fg8 Cd2 43.Fxh7 Ce4+ 44.Re3 Cxc5 45.bxc5 Ff7 46.Rd4
b4 47.e4 b3 48.Rc3 Rc6 49.e5 Rxc5 50.e6 Fxe6 51.Fxg6 Rd6 52.Fh5 Re5 53.Fd1
Fh3 54.Fxb3 Re4 55.Fd1 Re3 56.Fh5 Rf2 57.g4 Fxg4 58.Fxg4 Re3 59.h4 Rf4 
1/2-1/2

[Event "XVIII Rapidplay Open"]
[Site "Villarrobledo ESP"]
[Date "2000.08.20"]
[Round "7"]
[White "Hoffman, Alejandro"]
[Black "Topalov, Veselin"]
[Result "0-1"]
[WhiteElo "2491"]
[BlackElo "2707"]
[EventDate "2000.08.19"]

1.d4 Cf6 2.Cf3 c5 3.e3 g6 4.c3 b6 5.Fd3 Fb7 6.Cbd2 Fg7 7.O-O O-O 8.e4 d6 
9.Te1 Dc7 10.h3 Cbd7 11.d5 Tfe8 12.a4 e6 13.c4 Te7 14.Tb1 Tae8 15.b3 Cb8 
16.Fb2 Ca6 17.Tc1 Cb4 18.Fb1 e5 19.Cf1 Ch5 20.g3 Fc8 21.Rg2 Tf8 22.Cg1 Dd7
23.Fc3 De8 24.Ch2 f5 25.Chf3 Fh6 26.Fd2 Fxd2 27.Dxd2 Rh8 28.exf5 gxf5 29.
Ch4 Tg7 30.Rh2 f4 31.Tc3 De7 32.Cg2 Tfg8 33.g4 Fxg4 34.hxg4 Txg4 35.Fe4 
Dg7 36.Dd1 Txg2+ 37.Rh1 Cf6 38.Ch3 Cxe4 39.Dd2 0-1

[Event "XVIII Rapidplay Open"]
[Site "Villarrobledo ESP"]
[Date "2000.08.20"]
[Round "8"]
[White "Topalov, Veselin"]
[Black "Komljenovic, Davorin"]
[Result "1-0"]
[WhiteElo "2707"]
[BlackElo "2514"]
[EventDate "2000.08.19"]

1.Cf3 d5 2.d4 Cf6 3.c4 c6 4.Cc3 e6 5.Fg5 h6 6.Fh4 dxc4 7.e4 g5 8.Fg3 b5 9.
Fe2 Fb7 10.Ce5 Cbd7 11.Dc2 Fg7 12.Td1 Cxe5 13.Fxe5 Da5 14.O-O O-O 15.f4 
Ch7 16.Fxg7 Rxg7 17.fxg5 hxg5 18.e5 c5 19.d5 exd5 20.Cxd5 Fxd5 21.Txd5 
Tad8 22.Td6 Txd6 23.exd6 Db6 24.Dc3+ Rg8 25.De5 Td8 26.Fh5 f6 27.Txf6 Cxf6
28.Dxg5+ Rh7 29.Dg6+ Rh8 30.Dxf6+ Rh7 31.Fg6+ Rh6 32.Ff5+ Rh5 1-0